[Event "11th 4NCL Congress Open"]
[Site "Harben House"]
[Date "2016.11.06"]
[Round "5.14"]
[White "Whitfield, Craig M"]
[Black "Mason, Donald J"]
[Result "1/2-1/2"]
[BlackElo "2157"]
[WhiteElo "2038"]
[LiveChessVersion "1.4.8"]

1. e4 e6 2. d4 d5 3. Nd2 Nf6 4. e5 Nfd7 5. Bd3 c5 6. c3 Nc6 7. Ne2 cxd4 8. cxd4
f6 9. exf6 Nxf6 10. O-O Bd6 11. Nf3 O-O 12. Bf4 Bxf4 13. Nxf4 Ne4 14. Nh5
{[%clk 1:32:13]} g6 {[%clk 1:27:42]} 15. Ng3 {[%clk 1:32:13]} Nxg3 16. hxg3
{[%clk 1:31:27]} Qb6 {[%clk 1:28:18]} 17. Bc2 {[%clk 1:16:40]} Qxb2
{[%clk 1:28:17]} 18. Rb1 {[%clk 1:12:58]} Qxa2 {[%clk 1:26:00]} 19. Ba4
{[%clk 1:12:00]} Qa3 {[%clk 1:20:16]} 20. Bxc6 {[%clk 1:03:52]} bxc6
{[%clk 1:20:44]} 21. Qc2 {[%clk 1:04:15]} Qd6 {[%clk 1:10:46]} 22. Ne5
{[%clk 1:02:45]} a5 {[%clk 1:01:40]} 1/2-1/2

[Event "11th 4NCL Congress Open"]
[Site "Harben House"]
[Date "2016.11.06"]
[Round "5.15"]
[White "Clark, Robert G"]
[Black "Jarmany, John"]
[Result "1/2-1/2"]
[BlackElo "2139"]
[WhiteElo "2006"]
[LiveChessVersion "1.4.8"]

1. c4 c6 2. g3 d5 3. Bg2 Nf6 4. Nf3 g6 5. O-O Bg7 6. d3 O-O 7. Nbd2
{[%clk 1:23:36]} Qc7 {[%clk 1:24:56]} 8. Rb1 e5 {[%clk 1:20:26]} 9. b4
{[%clk 1:15:35]} h6 {[%clk 1:18:38]} 10. Bb2 {[%clk 1:13:24]} Re8
{[%clk 1:14:35]} 11. cxd5 {[%clk 1:05:34]} Nxd5 {[%clk 1:05:43]} 12. b5
{[%clk 1:02:06]} Be6 {[%clk 0:55:20]} 13. Qa4 {[%clk 0:56:41]} cxb5
{[%clk 0:46:36]} 14. Qxb5 {[%clk 0:56:39]} Nc6 {[%clk 0:45:54]} 15. Ba1
{[%clk 0:52:08]} Rab8 {[%clk 0:44:14]} 16. Rfc1 {[%clk 0:48:04]} a6
{[%clk 0:40:54]} 17. Qa4 {[%clk 0:46:30]} Qd7 {[%clk 0:38:02]} 18. Ne4
{[%clk 0:39:51]} Nd4 {[%clk 0:29:33]} 19. Qxd7 {[%clk 0:39:53]} Bxd7
{[%clk 0:26:41]} 20. Nxd4 {[%clk 0:38:26]} exd4 {[%clk 0:26:58]} 21. Nd6
{[%clk 0:38:30]} Re6 {[%clk 0:20:59]} 22. Bxd5 {[%clk 0:33:05]} Rxd6
{[%clk 0:21:20]} 23. Rxb7 {[%clk 0:31:30]} Rxb7 {[%clk 0:18:36]} 24. Bxb7
{[%clk 0:31:54]} Rb6 {[%clk 0:18:49]} 25. Bd5 {[%clk 0:30:24]} Be6
{[%clk 0:14:49]} 26. Bxe6 {[%clk 0:29:44]} Rxe6 {[%clk 0:14:15]} 27. Rc2
{[%clk 0:28:54]} Bf6 {[%clk 0:12:03]} 28. Bb2 {[%clk 0:27:20]} Kf8
{[%clk 0:11:07]} 29. Kf1 {[%clk 0:26:49]} Ke8 {[%clk 0:10:54]} 30. Rc4
{[%clk 0:26:27]} Rd6 {[%clk 0:10:58]} 31. a4 {[%clk 0:20:49]} Kd7
{[%clk 0:10:21]} 32. Ba3 {[%clk 0:20:20]} Rd5 {[%clk 0:07:29]} 33. Ke1
{[%clk 0:17:41]} Bd8 {[%clk 0:06:11]} 34. Bc5 {[%clk 0:16:09]} Bf6
{[%clk 0:05:26]} 35. Bf8 {[%clk 0:13:47]} h5 {[%clk 0:05:34]} 36. Rc5
{[%clk 0:11:37]} Rxc5 {[%clk 0:04:57]} 37. Bxc5 {[%clk 0:12:02]} Kc6
{[%clk 0:05:22]} 38. Bb4 {[%clk 0:12:19]} h4 {[%clk 0:05:08]} 39. Kd1
{[%clk 0:12:09]} h3 {[%clk 0:03:53]} 40. Kc2 {[%clk 0:12:23]} Bd8
{[%clk 0:03:39]} 41. Kb3 {[%clk 0:12:01]} Kd5 {[%clk 0:03:47]} 42. Bd2
{[%clk 0:11:02]} Bc7 {[%clk 0:03:46]} 43. Kb4 {[%clk 0:09:58]} Bb6
{[%clk 0:03:16]} 44. Bf4 {[%clk 0:09:42]} Bd8 {[%clk 0:03:35]} 45. Bb8
{[%clk 0:09:04]} Bb6 {[%clk 0:03:19]} 46. Bf4 {[%clk 0:07:30]} Bd8
{[%clk 0:03:44]} 47. Bh6 {[%clk 0:07:30]} Bc7 {[%clk 0:03:41]} 48. Bg7
{[%clk 0:07:32]} f5 {[%clk 0:03:43]} 49. Bh6 {[%clk 0:05:58]} Bb6
{[%clk 0:03:30]} 50. Bf4 {[%clk 0:05:33]} Bd8 {[%clk 0:03:53]} 51. Bb8
{[%clk 0:04:52]} Bb6 {[%clk 0:04:08]} 52. Bf4 {[%clk 0:03:16]} 1/2-1/2

[Event "11th 4NCL Congress Open"]
[Site "Harben House"]
[Date "2016.11.06"]
[Round "5.16"]
[White "Boswell, Jacob Connor"]
[Black "Ramprasad, Cherupalli"]
[Result "1-0"]
[BlackElo "1945"]
[WhiteElo "1698"]
[LiveChessVersion "1.4.8"]

1. e4 e5 2. Nf3 Nc6 3. Bb5 a6 4. Ba4 Nf6 5. O-O b5 6. Bb3 Be7 7. Re1 O-O 8. c3 d6
9. h3 Nb8 10. Bc2 Bb7 11. d4 {[%clk 1:33:37]} Nbd7 {[%clk 1:27:56]} 12. Nbd2
{[%clk 1:33:16]} Re8 13. Nf1 Bf8 14. Ng3 {[%clk 1:32:58]} g6 {[%clk 1:25:58]} 15.
Bg5 {[%clk 1:30:57]} Bg7 16. Qd2 {[%clk 1:27:04]} c5 {[%clk 1:16:41]} 17. d5
{[%clk 1:26:14]} c4 {[%clk 1:16:06]} 18. Nh2 {[%clk 1:11:41]} Qb6
{[%clk 1:08:38]} 19. Ngf1 {[%clk 1:03:52]} Rac8 {[%clk 1:02:14]} 20. Ne3
{[%clk 0:53:38]} Qc7 {[%clk 1:02:21]} 21. Neg4 {[%clk 0:52:49]} a5
{[%clk 0:56:30]} 22. Nh6+ {[%clk 0:43:02]} Bxh6 {[%clk 0:48:20]} 23. Bxh6
{[%clk 0:43:22]} Nf8 {[%clk 0:48:32]} 24. Rf1 {[%clk 0:35:47]} N6d7
{[%clk 0:44:35]} 25. Ng4 {[%clk 0:34:15]} f6 {[%clk 0:42:36]} 26. Rae1
{[%clk 0:30:34]} Qd8 {[%clk 0:39:19]} 27. f4 {[%clk 0:25:40]} Qe7
{[%clk 0:34:20]} 28. fxe5 {[%clk 0:25:02]} dxe5 {[%clk 0:33:49]} 29. Qf2
{[%clk 0:23:19]} b4 {[%clk 0:23:01]} 30. Ba4 {[%clk 0:21:49]} f5 {[%clk 0:19:40]}
31. exf5 {[%clk 0:20:33]} Bxd5 {[%clk 0:19:32]} 32. f6 {[%clk 0:20:15]} Qf7
{[%clk 0:18:45]} 33. Bg7 1-0